Aymara aru yatiqañataki: guía didáctica para la enseñanza del aymara como segunda lengua

Salvato in:
Dettagli Bibliografici
Autore principale: Ticona Mamani, Elías (Autore)
Natura: Libro
Lingua:spagnolo
aymara
Pubblicazione: Santiago Ministerio de Educación 2002
Soggetti:
Tags: Aggiungi Tag
Nessun Tag, puoi essere il primo ad aggiungerne!!

MARC

LEADER 00000nam a2200000 a 4500
001 UCM8234
003 CL-VaPUC
008 030228e20020000CL |||||||||||||||||spa|d
041 0 7 |a spa  |2 CL-VaPUC 
041 0 7 |a aym  |2 CL-VaPUC 
082 0 4 |a 498.3248  |b TIC  |2 21 
100 |a Ticona Mamani, Elías  |e author  |9 620947 
245 1 0 |a Aymara aru yatiqañataki: guía didáctica para la enseñanza del aymara como segunda lengua 
300 |a 130 p 
942 |c BK 
945 |d 20030228 00:00:00  |a cmena 
260 |a Santiago  |b Ministerio de Educación  |c 2002 
650 0 |a Educación lingüística  |9 306506 
650 0 |a Bilingüismo  |9 307482 
650 0 |a Métodos de enseñanza  |9 270413 
650 7 |a LENGUA AYMARA  |2 CL-VaPUC  |9 461537 
650 0 |a Educación básica   |9 224933 
583 |a last modification  |c 20030228 00:00:00  |k Rodrigo Vera 
999 |c 302811  |d 302809 
952 |0 0  |1 0  |4 0  |6 498_324800000000000_TIC_2002  |7 0  |8 P  |9 363574  |a BIBEDU  |b BIBEDU  |c BIBEDU_PB  |d 2019-11-21  |i 3880303  |o 498.3248 TIC 2002  |p 3880303  |r 2024-01-25  |w 2019-11-21  |y BK  |k EPE 
952 |0 0  |1 0  |4 0  |6 498_324800000000000_TIC_2002  |7 0  |8 X  |9 363575  |a FDOMLP  |b FDOMLP  |d 2019-11-21  |i 390136K  |o 498.3248 TIC 2002  |p 390136K  |r 2019-11-21  |w 2019-11-21  |y BK_X  |k BU2 
952 |0 0  |1 0  |4 0  |6 498_324800000000000_TIC_2002  |7 0  |8 P  |9 363576  |a BIBEDU  |b BIBEDU  |c BIBEDU_PB  |d 2019-11-21  |i 4174097  |o 498.3248 TIC 2002  |p 4174097  |r 2024-01-25  |w 2019-11-21  |y BK  |k EBA